| 000 | 00000nas 2200000za 4500 |
| 001 | 9.804328 |
| 003 | CaOODSP |
| 005 | 20221107135407 |
| 007 | cr ||||||||||| |
| 008 | 150406d20072010oncar p o f0 a0eng|d |
| 040 | |aCaOODSP|beng |
| 043 | |an-cn--- |
| 086 | 1 |aCC402-4E-PDF |
| 110 | 2 |aCanadian Air Transport Security Authority. |
| 245 | 10|aAnnual reports on the administration of the Access to Information Act and Privacy Act |h[electronic resource] / |cCanadian Air Transport Security Authority. |
| 260 | |a[Ottawa] : |bCanadian Air Transport Security Authority, |c2007-2010. |
| 310 | |aAnnual |
| 362 | 1 |aBegan with 2006/2007; ceased with 2009/2010. |
| 500 | |aIssued also in French under title: Rapports annuels sur l'application de la Loi sur l'accès à l'information et de la Loi sur la protection des renseignements personnels / Administration canadienne de la sûreté du transport aérien. |
| 580 | |aMerger of: Annual report on the administration of the Privacy Act; and: Annual report on the administration of the Access to Information Act. |
| 580 | |aSplit into: Annual report on the administration of the Privacy Act; and: Annual report on the administration of the Access to Information Act. |
| 692 | 07|2gccst|aPrivacy |
| 692 | 07|2gccst|aAccess to information |
| 775 | 08|tRapports annuels sur l'application de la Loi sur l'accès à l'information et de la Loi sur la protection des renseignements personnels |w(CaOODSP)9.804331 |
| 780 | 00|tAnnual report on the Access to Information Act. |w(CaOODSP)9.872132 |
| 780 | 00|tAnnual report on the Privacy Act.|w(CaOODSP)9.872120 |
| 785 | 00|tAnnual report on the administration of the Access to Information Act / |w(CaOODSP)9.507762 |
| 785 | 00|tAnnual report on the administration of the Privacy Act / |w(CaOODSP)9.507763 |